Представление документа в формате MARC21

Поле Инд. ПП Название Значение
Тип записи a
Библиографический уровень a
001 Контрольный номер 4d412397dc774612ac0582f24bbdfcce
005 Дата корректировки 20210415100650.2
040 a Служба первич. каталог. НБ ТвГУ
b Код языка каталог. rus
e Правила каталог. PSBO
041 0_ a Код языка текста rus
097 b Оператор Komarova.ES
100 1_ a Автор Сафарова И. А.
245 10 a Заглавие Средневековые бусы из раскопок Торжка
260 a Место издания Тверь
b Издательство Тверская областная типография
440 _0 a Серия Труды Фил. ГАСК в г. Твери
504 a Библиография Библиогр.: с. 156 (21 назв.)
520 0_ a Аннотация Статья посвящена средневековым бусам из раскопок Торжка.
653 0_ a Ключевые слова Средневековые бусы
a Ключевые слова Раскопки
a Ключевые слова Торжок, город
a Ключевые слова Находки
a Ключевые слова Украшения
773 18 w Контрольный № источника 51704c84-6cae-4a6b-8392-f3116714513b
t Название источника История и культура Тверского края
d Место и дата издания Тверь : Тверская областная типография, 2002
g Прочая информация С. 152-165
901 t Тип документа a
920 a Оператор Кома
954 b Дата поступления в ОК 20210415